[Event "Mont de Marsan op 6th"]
[Site "Mont de Marsan"]
[Date "2006.12.29"]
[Round "8"]
[White "Taravaud, Evelyne"]
[Black "Vaquier, Albert"]
[Result "1-0"]
[WhiteElo "1750"]
[BlackElo "1480"]
[PlyCount "132"]
[EventDate "2006.12.26"]
[EventType "swiss"]
[EventRounds "9"]
[EventCountry "FRA"]
[SourceTitle "CBM 116 Extra"]
[Source "ChessBase"]
[SourceDate "2007.03.07"]
[SourceVersion "1"]
[SourceVersionDate "2007.03.07"]
[SourceQuality "1"]

1. e4 c5 2. Nf3 e6 3. d4 cxd4 4. Nxd4 d6 5. Nc3 a6 6. Bd3 Be7 7. f4 Nc6 8. Nxc6 bxc6 9. b3 Nf6 10. Qe2 0-0 11. Bb2 d5 12. e5 Nd7 13. 0-0-0 Qc7 14. h4 Nc5 15. g4 Nxd3+ 16. Qxd3 f6 17. Ne2 Rf7 18. g5 fxg5 19. hxg5 g6 20. Rh2 Bf8 21. Rdh1 Ra7 22. Qxg6+ Rg7 23. Qd3 Qa5 24. Kb1 Rad7 25. Nd4 Rc7 26. f5 exf5 27. e6 Bd6 28. Nxf5 Bxh2 29. Nxg7 Rxg7 30. Rxh2 Qe1+ 31. Bc1 Qe4 32. Qxe4 dxe4 33. Re2 Bxe6 34. Rxe4 Rg6 35. Ra4 Bc8 36. Ra5 Kf7 37. Rc5 Bb7 38. a3 Ke6 39. b4 Rg7 40. Kb2 Rd7 41. c4 Rd3 42. Kc2 Rf3 43. Kd2 Rf5 44. Rxf5 Kxf5 45. Kd3 Ke6 46. Kd4 a5 47. Kc5 axb4 48. axb4 Kd7 49. Kb6 Kc8 50. Ka7 c5 51. b5 Bf3 52. Kb6 Be2 53. Kxc5 Kb7 54. Kb4 Bf3 55. c5 Be4 56. c6+ Bxc6 57. bxc6+ Kxc6 58. Kc4 Kd6 59. Kd4 Ke6 60. Ke4 Kf7 61. Kf5 Ke7 62. Kg4 Kf7 63. Kh5 Kg7 64. Bb2+ Kf7 65. Kh6 Kg8 66. Bc3 Kf7 1-0

[Event "Mont de Marsan op 6th"]
[Site "Mont de Marsan"]
[Date "2006.12.26"]
[Round "1"]
[White "Domenech, Vianney"]
[Black "Taravaud, Evelyne"]
[Result "1-0"]
[WhiteElo "1838"]
[BlackElo "1750"]
[PlyCount "81"]
[EventDate "2006.12.26"]
[EventType "swiss"]
[EventRounds "9"]
[EventCountry "FRA"]
[SourceTitle "CBM 116 Extra"]
[Source "ChessBase"]
[SourceDate "2007.03.07"]
[SourceVersion "1"]
[SourceVersionDate "2007.03.07"]
[SourceQuality "1"]

1. d4 Nf6 2. c3 d5 3. Bg5 Nc6 4. Nf3 h6 5. Bh4 g5 6. Bg3 Ne4 7. Nbd2 Nxg3 8. hxg3 Bg7 9. e3 Bd7 10. Bd3 e5 11. dxe5 Nxe5 12. Nxe5 Bxe5 13. Nf3 Bg7 14. Qb3 c6 15. 0-0 Qc7 16. e4 Be6 17. exd5 0-0-0 18. dxe6 Rxd3 19. exf7 Rd7 20. Qe6 Qd8 21. Qg6 Qf8 22. Rad1 Qxf7 23. Qxf7 Rxf7 24. Rfe1 Rd8 25. Rxd8+ Kxd8 26. Kf1 Kc7 27. Re6 Kd7 28. Re4 Kd6 29. Ke2 Re7 30. Rxe7 Kxe7 31. Kd3 Kd6 32. Nd4 Bxd4 33. Kxd4 b6 34. g4 Ke6 35. g3 a6 36. f4 Kf6 37. Ke4 a5 38. f5 b5 39. Kd4 h5 40. gxh5 Kxf5 41. g4+ 1-0